| 000 | 01308 a2200361 4500 | ||
|---|---|---|---|
| 999 |
_c200449071 _d67283 |
||
| 003 | TR-AnTOB | ||
| 005 | 20220622083719.0 | ||
| 007 | ta | ||
| 008 | 060829s2014 tu ad tur t tu tur d | ||
| 020 | _a9789756263235 | ||
| 040 |
_aTR-AnTOB _beng _erda _cTR-AnTOB _dTR-AnTOB |
||
| 041 | _atur | ||
| 050 |
_aTH7687.7 _b.B55 2014 |
||
| 090 |
_aTH7687.7 _b.B55 2014 |
||
| 245 | 1 | 0 |
_aKlima santralleri / _cEditör: Mustafa Bilge. |
| 250 | _aGeliştirilmiş üçüncü baskı | ||
| 264 | 1 |
_aİstanbul : _bIsıtma Soğutma Klima Araştırma ve Eğitim Vakfı (ISKAV), _c2014. |
|
| 300 |
_a130 pages : _billustrations, tables ; _c30 cm + _e1 computer disc |
||
| 336 |
_atext _btxt _2rdacontent |
||
| 336 |
_astill image _bsti _2rdacontent |
||
| 337 |
_aunmediated _bn _2rdamedia |
||
| 337 |
_acomputer _bc _2rdamedia |
||
| 338 |
_avolume _bnc _2rdacarrier |
||
| 338 |
_acomputer disc _bcd _2rdacarrier |
||
| 490 | 0 |
_aIsıtma Soğutma Klima Araştırma ve Eğitim Vakfı (ISKAV) _aTeknik Kitaplar Dizisi ; _vNo 01. |
|
| 504 | _aBIB | ||
| 650 |
_aAir conditioning _xEquipment and supplies _xDesign and construction _93037 |
||
| 650 | 0 |
_aAir conditioning _xEquipment and supplies _926793 |
|
| 650 |
_aİklimlendirme _911004 |
||
| 700 | 1 |
_aBilge, Mustafa _eeditor _926791 |
|
| 942 |
_cBK _2lcc |
||